| 000 | 00467nam a2200193Ia 4500 | ||
|---|---|---|---|
| 008 | 170705s9999 xx 000 0 und d | ||
| 020 | _a9780439792073 | ||
| 245 | _aSurviving sharks : | ||
| 245 | _band other dangerous creatures / | ||
| 245 | _cAllan Zullo. | ||
| 260 | _aNew York : | ||
| 260 | _bScholastic, | ||
| 260 | _c2006 | ||
| 300 | _a151 pages : | ||
| 300 | _bcolor illustration ; | ||
| 300 | _c19cm. | ||
| 440 | _aTen true tales. | ||
| 500 | _a930 | ||
| 999 |
_c336604 _d336604 |
||